[Event "31st 4NCL Congress"]
[Site "Harrogate, North Yorkshire, ENG"]
[Date "2024.01.21"]
[Round "5.17"]
[White "Flint, Martina"]
[Black "Holi, Siefaldin A"]
[Result "1-0"]
[WhiteElo "1941"]
[BlackElo "1706"]
[PlyCount "85"]
[EventDate "2024.01.19"]

1. f4 Nf6 2. Nf3 d6 3. d3 g6 4. g3 Bg7 5. Bg2 c6 6. O-O O-O 7. c3 Bg4 8. h3 Bd7
9. e4 Na6 10. Qc2 Qc8 11. Kh2 Nc7 12. Na3 b5 13. e5 Nfd5 14. Qd2 a5 15. Nc2 c5
16. d4 Ra6 17. Ng5 h6 18. Ne4 c4 19. a3 f5 20. Nf2 dxe5 21. dxe5 Bc6 22. Nd4
Bb7 23. Nxb5 Rd8 24. Nd4 g5 25. fxg5 hxg5 26. Qxg5 e6 27. g4 Kf8 28. Ne4 Bxe5+
29. Kh1 Ne7 30. gxf5 exf5 31. Nxf5 Nxf5 32. Rxf5+ Bf6 33. Rxf6+ Rxf6 34. Qxf6+
Kg8 35. Qg6+ Kh8 36. Bg5 Ne8 37. Rf1 Ng7 38. Bf6 Rd7 39. Bxg7+ Rxg7 40. Qh6+
Kg8 41. Nf6+ Kf7 42. Nh5+ Ke8 43. Nxg7+ 1-0

[Event "31st 4NCL Congress"]
[Site "Harrogate, North Yorkshire, ENG"]
[Date "2024.01.21"]
[Round "5.18"]
[White "Farahmandpour, Ehsan"]
[Black "Bielby, Paul R"]
[Result "1-0"]
[WhiteElo "1654"]
[BlackElo "1908"]
[PlyCount "79"]
[EventDate "2024.01.19"]

1. d4 Nf6 2. Bf4 d5 3. e3 c5 4. c3 Nc6 5. Nf3 e6 6. Nbd2 Be7 7. h3 cxd4 8. exd4
a6 9. Bd3 Bd7 10. O-O h6 11. Re1 b5 12. a3 Na5 13. Ne5 Nc4 14. Rb1 Qb6 15. Ndf3
Rc8 16. Qe2 a5 17. Bh2 Nxe5 18. Nxe5 b4 19. cxb4 axb4 20. a4 O-O 21. Nxd7 Nxd7
22. Bb5 Nf6 23. Qd3 Ne4 24. f3 Nd6 25. Bxd6 Bxd6 26. Re2 Rc7 27. Qe3 Rfc8 28.
f4 g6 29. Rf2 Kg7 30. g4 Rc2 31. Bd3 Rxf2 32. Kxf2 Qa7 33. f5 Qxa4 34. fxg6
fxg6 35. Qxe6 Rf8+ 36. Kg2 Rf6 37. Qxd5 Qd7 38. Bc4 Qe8 39. Ra1 Qf8 40. Ra8 1-0

[Event "31st 4NCL Congress"]
[Site "Harrogate, North Yorkshire, ENG"]
[Date "2024.01.21"]
[Round "5.19"]
[White "Cooper, Malcolm H"]
[Black "Siu, Kam Wa"]
[Result "0-1"]
[WhiteElo "1778"]
[BlackElo "1795"]
[PlyCount "68"]
[EventDate "2024.01.19"]

1. d4 Nf6 2. c4 e5 3. dxe5 Ng4 4. Bf4 Bb4+ 5. Nd2 Nc6 6. Ngf3 Qe7 7. e3 Ngxe5
8. Nxe5 Nxe5 9. Be2 b6 10. a3 Bxd2+ 11. Qxd2 Bb7 12. O-O g5 13. Bg3 h5 14. Rfd1
O-O-O 15. Qc3 f6 16. h3 Rdg8 17. Rac1 c5 18. Rd5 Bxd5 19. cxd5 d6 20. b4 h4 21.
bxc5 dxc5 22. Bh2 g4 23. Bxe5 Qxe5 24. Bxg4+ Kc7 25. Qd3 Rxg4 26. hxg4 h3 27.
f4 Qb2 28. Qc2 Qxa3 29. Qc3 Qa2 30. Rc2 Qxd5 31. Rd2 Qe4 32. Qb3 c4 33. Qc3 h2+
34. Kf2 h1=Q 0-1

[Event "31st 4NCL Congress"]
[Site "Harrogate, North Yorkshire, ENG"]
[Date "2024.01.21"]
[Round "5.20"]
[White "Echavarria Hidalgo, Fernando"]
[Black "Sharkey, Gary"]
[Result "0-1"]
[WhiteElo "1791"]
[BlackElo "1707"]
[PlyCount "44"]
[EventDate "2024.01.19"]

1. e4 d5 2. exd5 Nf6 3. c4 e6 4. dxe6 Bxe6 5. Nf3 Nc6 6. d3 Bb4+ 7. Bd2 Qe7 8.
Bxb4 Nxb4 9. Be2 O-O-O 10. Ne5 Bf5 11. f4 Nxd3+ 12. Bxd3 Rxd3 13. Qe2 Re8 14.
O-O Ng4 15. Nc3 Qc5+ 16. Kh1 Re3 17. Qd1 R8xe5 18. fxe5 Qxe5 19. g3 Be4+ 20.
Nxe4 Qxe4+ 21. Kg1 Re2 22. Qd5 Qe3+ 0-1

[Event "31st 4NCL Congress"]
[Site "Harrogate, North Yorkshire, ENG"]
[Date "2024.01.21"]
[Round "5.21"]
[White "Letton, Rob"]
[Black "Wilson, Graham J"]
[Result "0-1"]
[WhiteElo "1773"]
[BlackElo "1785"]
[PlyCount "64"]
[EventDate "2024.01.19"]

1. e4 c6 2. d4 d5 3. exd5 cxd5 4. Bd3 Nc6 5. c3 Nf6 6. Bf4 Qb6 7. Qc2 e6 8. Nf3
Be7 9. Ne5 Nd7 10. Nxc6 bxc6 11. Nd2 h6 12. O-O Ba6 13. Bxa6 Qxa6 14. c4 O-O
15. c5 Bf6 16. Rfe1 Bxd4 17. Bd6 Rfe8 18. Nf3 Bf6 19. a3 e5 20. Rad1 Qb7 21. b4
a5 22. Qf5 e4 23. Nd4 axb4 24. axb4 Bxd4 25. Rxd4 Ra4 26. f3 Rxb4 27. Qxd7 Qxd7
28. Rxb4 f5 29. f4 Qa7 30. Reb1 e3 31. Rb6 Qa2 32. R6b2 Qxb2 0-1

[Event "31st 4NCL Congress"]
[Site "Harrogate, North Yorkshire, ENG"]
[Date "2024.01.21"]
[Round "5.22"]
[White "Rughani, Mahin"]
[Black "Griffin-Young, Sebastian"]
[Result "1-0"]
[WhiteElo "1814"]
[BlackElo "1548"]
[PlyCount "59"]
[EventDate "2024.01.19"]

1. d4 Nf6 2. Bf4 g6 3. Nc3 Bg7 4. e4 d6 5. Qd2 O-O 6. O-O-O Re8 7. f3 Nbd7 8.
Bh6 Bh8 9. e5 Nh5 10. g4 Ng7 11. exd6 cxd6 12. h4 Nb6 13. Bd3 Ne6 14. Nge2 Qc7
15. Be4 a6 16. h5 Nc4 17. Qd3 Nf8 18. Nd5 Qd8 19. Qxc4 e6 20. Nc7 d5 21. Qc3
dxe4 22. Nxa8 Bd7 23. Nc7 Re7 24. fxe4 Bc6 25. Bxf8 Qxf8 26. hxg6 fxg6 27. Nxe6
Rxe6 28. Qb3 Bd7 29. Rdf1 Qe8 30. Nf4 1-0

[Event "31st 4NCL Congress"]
[Site "Harrogate, North Yorkshire, ENG"]
[Date "2024.01.21"]
[Round "5.23"]
[White "Meredith, Daniel"]
[Black "Salisbury, Paul"]
[Result "1-0"]
[WhiteElo "1778"]
[BlackElo "1728"]
[PlyCount "57"]
[EventDate "2024.01.19"]

1. e4 e5 2. Nf3 d6 3. d4 f5 4. exf5 e4 5. Nfd2 Bxf5 6. c4 Nf6 7. Nc3 c6 8. d5
cxd5 9. cxd5 Nbd7 10. Nc4 Nb6 11. Bg5 Nxc4 12. Bxc4 h6 13. Bxf6 Qxf6 14. Qa4+
Kf7 15. O-O a6 16. Rfe1 Qg6 17. Bb3 Re8 18. Bc2 e3 19. Bxf5 exf2+ 20. Kxf2
Qxf5+ 21. Kg1 Rxe1+ 22. Rxe1 Kg6 23. Rf1 Qe5 24. Qc2+ Kg5 25. Ne4+ Kh4 26. Qf2+
Kh5 27. Qf7+ g6 28. Qf3+ Kh4 29. Qh3# 1-0

[Event "31st 4NCL Congress"]
[Site "Harrogate, North Yorkshire, ENG"]
[Date "2024.01.19"]
[Round "1.1"]
[White "Fisher, Neal"]
[Black "Berry, Mike"]
[Result "1-0"]
[WhiteElo "1697"]
[BlackElo "1545"]
[PlyCount "119"]
[EventDate "2024.01.19"]

1. e4 c5 2. Nf3 d6 3. Bc4 Nc6 4. c3 Nf6 5. d3 a6 6. h3 b5 7. Bb3 e6 8. a4 b4 9.
O-O Be7 10. Re1 O-O 11. d4 Bb7 12. d5 exd5 13. Bxd5 Qc7 14. c4 Rfe8 15. Bf4
Rad8 16. Nbd2 Bf8 17. Bg5 Be7 18. Bf4 Bf8 19. Nb3 g6 20. Nxc5 Nxd5 21. cxd5 Ne5
22. Nxb7 Qxb7 23. b3 Bg7 24. Bxe5 Bxe5 25. Nxe5 Rxe5 26. Rc1 Rde8 27. Qd3 f5
28. f3 Qb6+ 29. Kh2 fxe4 30. fxe4 Qf2 31. Rf1 Qh4 32. Qf3 Qe7 33. Rce1 a5 34.
Qf6 Rxe4 35. Rxe4 Qxe4 36. Qf7+ Kh8 37. Qf6+ Kg8 38. Qxd6 Qe5+ 39. Qxe5 Rxe5
40. Rd1 Kf7 41. d6 Ke8 42. Kg3 Re3+ 43. Kf4 Rxb3 44. Rd5 Ra3 45. Rxa5 b3 46.
Ke5 b2 47. Rb5 Re3+ 48. Kf6 Re2 49. Rb7 Rxg2 50. a5 Rd2 51. Kg7 Rxd6 52. Rxb2
Rd7+ 53. Kf6 Ra7 54. Rb5 Kd7 55. h4 Kc6 56. Re5 Rd7 57. Re7 Rd6+ 58. Re6 h6 59.
Rxd6+ Kxd6 60. Kxg6 1-0

[Event "31st 4NCL Congress"]
[Site "Harrogate, North Yorkshire, ENG"]
[Date "2024.01.19"]
[Round "1.2"]
[White "Butterworth, Brian"]
[Black "Quaite, Toby"]
[Result "0-1"]
[WhiteElo "1543"]
[BlackElo "1686"]
[PlyCount "60"]
[EventDate "2024.01.19"]

1. d4 f5 2. Nf3 Nf6 3. c4 e6 4. a3 b6 5. Nc3 Bb7 6. e3 Be7 7. Bd3 O-O 8. O-O d6
9. Qe2 Ne4 10. Rd1 Nd7 11. Bc2 g5 12. Nxe4 fxe4 13. Nd2 Nf6 14. Rf1 Qe8 15. b4
Qg6 16. Bd1 g4 17. Bb2 h5 18. d5 e5 19. Bc2 Rf7 20. Bb3 Raf8 21. Rac1 Nh7 22.
c5 Ng5 23. Kh1 Rf5 24. cxb6 Qf7 25. Kg1 cxb6 26. Rc7 Bc8 27. Nc4 Ba6 28. Qe1
Qg6 29. Rxe7 Nf3+ 30. gxf3 gxf3+ 0-1

[Event "31st 4NCL Congress"]
[Site "Harrogate, North Yorkshire, ENG"]
[Date "2024.01.19"]
[Round "1.3"]
[White "Sayer, Ray M"]
[Black "Oliver, Peter J R"]
[Result "0-1"]
[WhiteElo "1686"]
[BlackElo "1542"]
[PlyCount "70"]
[EventDate "2024.01.19"]

1. e4 d6 2. Nf3 Nf6 3. Nc3 c5 4. Bb5+ Bd7 5. Bxd7+ Nbxd7 6. O-O g6 7. d3 Bg7 8.
h3 O-O 9. Re1 b6 10. Rb1 a6 11. Bd2 e6 12. e5 dxe5 13. Nxe5 Nxe5 14. Rxe5 Nd5
15. Re2 Nxc3 16. Bxc3 Qc7 17. Bxg7 Kxg7 18. b3 Rad8 19. Qe1 Rd7 20. a4 b5 21.
axb5 axb5 22. Ra1 Rb8 23. Qc3+ Kg8 24. Re5 Rd5 25. Rxd5 exd5 26. Qd2 c4 27.
dxc4 dxc4 28. bxc4 Qxc4 29. c3 Kg7 30. Qd4+ Qxd4 31. cxd4 Kf6 32. Re1 b4 33. d5
Rb6 34. f4 b3 35. Rb1 Ke7 0-1

[Event "31st 4NCL Congress"]
[Site "Harrogate, North Yorkshire, ENG"]
[Date "2024.01.19"]
[Round "1.4"]
[White "Gibson, Stephen"]
[Black "Pearce, Neville R"]
[Result "0-1"]
[WhiteElo "1532"]
[BlackElo "1681"]
[PlyCount "82"]
[EventDate "2024.01.19"]

1. e4 c5 2. d4 cxd4 3. c3 d6 4. cxd4 Nf6 5. Nc3 a6 6. Bc4 e6 7. Nf3 Be7 8. O-O
O-O 9. h3 Nc6 10. Be3 b5 11. Bd3 Nb4 12. Rc1 Nxd3 13. Qxd3 Bb7 14. a3 Rc8 15.
Nd2 Qd7 16. b4 Rc7 17. d5 exd5 18. exd5 Ba8 19. Bb6 Rcc8 20. Nde4 Qb7 21. Nxf6+
Bxf6 22. Bd4 Bxd4 23. Qxd4 Rc4 24. Qd2 Rfc8 25. Rfd1 Qc7 26. Ne2 Qb7 27. Nc3 h6
28. Qe3 R8c7 29. Qd3 Qc8 30. Qf3 Bb7 31. Kh1 Qd7 32. Kh2 Bc8 33. Qe3 Kf8 34.
Ne2 Rxc1 35. Nxc1 Rc4 36. Ne2 Qf5 37. Nd4 Qd7 38. Ne2 Bb7 39. Nf4 Qf5 40. Kh1
Qxf4 41. Qb6 Rc1 0-1

[Event "31st 4NCL Congress"]
[Site "Harrogate, North Yorkshire, ENG"]
[Date "2024.01.19"]
[Round "1.5"]
[White "Redmond, Nigel"]
[Black "Tunnacliffe, Alan"]
[Result "1/2-1/2"]
[WhiteElo "1679"]
[BlackElo "1515"]
[PlyCount "70"]
[EventDate "2024.01.19"]

1. e4 c5 2. Nc3 Nc6 3. f4 g6 4. Nf3 Bg7 5. Bc4 e6 6. d3 Nge7 7. O-O O-O 8. Qe1
d5 9. Bb3 Nd4 10. Qg3 dxe4 11. dxe4 Nec6 12. Be3 b5 13. Nxd4 cxd4 14. Rad1 Qb6
15. Bf2 Bb7 16. Ne2 Qc7 17. e5 a5 18. a3 a4 19. Ba2 Rac8 20. Rd2 b4 21. Rfd1
bxa3 22. bxa3 Rfd8 23. Qd3 Bh6 24. g3 g5 25. h3 gxf4 26. gxf4 Kh8 27. Kh2 Rg8
28. Rg1 Rxg1 29. Kxg1 Rg8+ 30. Kf1 Nxe5 31. Qxd4 Bg2+ 32. Ke1 f6 33. fxe5 fxe5
34. Qd3 Bxd2+ 35. Qxd2 Bxh3 1/2-1/2

[Event "31st 4NCL Congress"]
[Site "Harrogate, North Yorkshire, ENG"]
[Date "2024.01.19"]
[Round "1.6"]
[White "Johnson, Elaine"]
[Black "Boustred, Noel J"]
[Result "0-1"]
[WhiteElo "1514"]
[BlackElo "1675"]
[PlyCount "60"]
[EventDate "2024.01.19"]

1. e4 e5 2. f4 d5 3. Nc3 dxe4 4. Nxe4 Nf6 5. Qe2 Nxe4 6. Qxe4 Qd4 7. Qxe5+
Qxe5+ 8. fxe5 Nc6 9. Bb5 Bd7 10. Bxc6 Bxc6 11. Nf3 O-O-O 12. c3 Rd3 13. O-O
Bc5+ 14. Kh1 g5 15. Ne1 Rh3 16. d4 Be7 17. Kg1 Rh4 18. Rxf7 Kd8 19. Rf5 Rg4 20.
Rf2 h5 21. h3 Rg3 22. Bd2 h4 23. Nf3 g4 24. Ng5 Rg8 25. Bf4 Bxg5 26. Bxg3 hxg3
27. Re2 gxh3 28. gxh3 Rh8 29. c4 Bf3 30. Rg2 Be3+ 0-1

[Event "31st 4NCL Congress"]
[Site "Harrogate, North Yorkshire, ENG"]
[Date "2024.01.19"]
[Round "1.7"]
[White "Roberts, Malcolm A"]
[Black "Tate, John"]
[Result "1-0"]
[WhiteElo "1671"]
[BlackElo "1506"]
[PlyCount "63"]
[EventDate "2024.01.19"]

1. e4 e6 2. d4 d5 3. exd5 exd5 4. Nf3 Bd6 5. Bd3 Ne7 6. O-O O-O 7. Bg5 f6 8.
Bh4 Bf5 9. c3 Bxd3 10. Qxd3 Ng6 11. Nbd2 Nd7 12. Bg3 Bxg3 13. hxg3 c6 14. Rfe1
Rf7 15. Re2 Ndf8 16. Rae1 Qd7 17. Nh2 Re7 18. Rxe7 Nxe7 19. Ndf3 Re8 20. g4
Neg6 21. Rxe8 Qxe8 22. g3 Qe4 23. Qxe4 dxe4 24. Nd2 Kf7 25. Nxe4 Ke6 26. Nc5+
Kd5 27. Nxb7 Ne6 28. f4 Ne7 29. Kf2 Ke4 30. Ke2 Nd5 31. f5 Ng5 32. Nc5# 1-0

[Event "31st 4NCL Congress"]
[Site "Harrogate, North Yorkshire, ENG"]
[Date "2024.01.19"]
[Round "1.8"]
[White "Dee, Neil"]
[Black "Pointon, Mike"]
[Result "1/2-1/2"]
[WhiteElo "1500"]
[BlackElo "1668"]
[PlyCount "105"]
[EventDate "2024.01.19"]

1. e4 c5 2. Nf3 d6 3. Bb5+ Bd7 4. Bxd7+ Qxd7 5. c4 Nc6 6. Nc3 Nf6 7. O-O e6 8.
d4 cxd4 9. Nxd4 Be7 10. b3 O-O 11. Nxc6 Qxc6 12. Qe2 a6 13. Bb2 Rad8 14. Rad1
Rfe8 15. Rfe1 Nd7 16. Ba1 Bf6 17. Qf3 Ne5 18. Qg3 Ng6 19. Qe3 Rc8 20. Ne2 Bxa1
21. Rxa1 d5 22. Rac1 dxe4 23. Nd4 Qc7 24. Qxe4 Red8 25. Qe3 Rd7 26. h3 Rcd8 27.
Nf3 Rd3 28. Qe4 Qd7 29. c5 Rd5 30. Qe3 Qb5 31. Qe2 Qc6 32. Red1 h6 33. Rxd5
Qxd5 34. b4 Nf4 35. Qc2 Nxh3+ 36. Kf1 Nf4 37. Qc4 Qxc4+ 38. Rxc4 Rd1+ 39. Ne1
Nxg2 40. Kxg2 Rxe1 41. c6 bxc6 42. Rxc6 Re5 43. Rxa6 Rb5 44. a3 Kf8 45. Ra5 Rb7
46. b5 Ke7 47. a4 Kd6 48. Ra6+ Kc5 49. Rc6+ Kb4 50. b6 Kxa4 51. Rc7 Rxb6 52.
Rxf7 g5 53. Rf6 1/2-1/2

[Event "31st 4NCL Congress"]
[Site "Harrogate, North Yorkshire, ENG"]
[Date "2024.01.19"]
[Round "1.9"]
[White "White, Nicholas E"]
[Black "Fletcher, Ben J"]
[Result "1-0"]
[WhiteElo "1591"]
[BlackElo "1347"]
[PlyCount "85"]
[EventDate "2024.01.19"]

1. d4 Nf6 2. Nc3 d5 3. Bf4 c5 4. e3 Bg4 5. f3 Bd7 6. Nb5 Bxb5 7. Bxb5+ Nbd7 8.
c3 cxd4 9. exd4 e6 10. Bg5 Be7 11. Ne2 h6 12. Bh4 a6 13. Ba4 b5 14. Bc2 O-O 15.
O-O Nb6 16. Bxf6 Bxf6 17. Qd3 Re8 18. a4 Qd7 19. a5 Nc4 20. b3 Nd6 21. Nf4 Rac8
22. Nh5 Qd8 23. Nf4 Qc7 24. Nh5 Qd8 25. Nxf6+ Qxf6 26. Rac1 Qf5 27. Qd2 Qf6 28.
f4 Qd8 29. g4 Qxa5 30. g5 hxg5 31. fxg5 Kf8 32. Qf4 Red8 33. Bg6 Rc7 34. Rf3
Nf5 35. Bxf5 exf5 36. Qxf5 Rdd7 37. Qh7 b4 38. Qh8+ Ke7 39. Re3+ Kd6 40. Qf8+
Re7 41. Rce1 Qa2 42. Rxe7 Qd2 43. R7e2+ 1-0

[Event "31st 4NCL Congress"]
[Site "Harrogate, North Yorkshire, ENG"]
[Date "2024.01.19"]
[Round "1.10"]
[White "Wainwright, Charlie"]
[Black "Carey, Con"]
[Result "1-0"]
[WhiteElo "1667"]
[BlackElo "1490"]
[PlyCount "101"]
[EventDate "2024.01.19"]

1. d4 g6 2. c4 Bg7 3. Nc3 d6 4. e4 Nc6 5. Be3 e5 6. d5 Nd4 7. Nge2 Nxe2 8. Bxe2
Ne7 9. Bd3 O-O 10. O-O a6 11. f4 f5 12. fxe5 Bxe5 13. Bg5 f4 14. Qd2 Bd4+ 15.
Kh1 Be3 16. Qe2 Kg7 17. Nd1 Bd4 18. Bxf4 Re8 19. Be3 Be5 20. Nc3 Ng8 21. Qf2
Rf8 22. Qxf8+ Qxf8 23. Rxf8 Kxf8 24. Rf1+ Kg7 25. Bd2 Bd7 26. b3 Nf6 27. Ne2
Re8 28. Bc3 Ng4 29. h3 Bxc3 30. Nxc3 Ne5 31. Bc2 Re7 32. Nb1 Rf7 33. Kg1 g5 34.
Nd2 h6 35. b4 b6 36. Rxf7+ Kxf7 37. Kf2 h5 38. Ke3 Kf6 39. Bd3 g4 40. Be2 gxh3
41. gxh3 Kg5 42. Bf1 Kh4 43. Nf3+ Nxf3 44. Kxf3 Bxh3 45. Bxh3 Kxh3 46. c5 Kh4
47. Kf4 dxc5 48. bxc5 bxc5 49. e5 c4 50. d6 cxd6 51. exd6 1-0

[Event "31st 4NCL Congress"]
[Site "Harrogate, North Yorkshire, ENG"]
[Date "2024.01.19"]
[Round "1.11"]
[White "Jackson, Malcolm"]
[Black "Webster, Vivien"]
[Result "0-1"]
[WhiteElo "1474"]
[BlackElo "1663"]
[PlyCount "46"]
[EventDate "2024.01.19"]

1. e4 e5 2. Nf3 d6 3. h3 Be7 4. Bc4 Nf6 5. Nc3 c6 6. Bb3 O-O 7. O-O Be6 8. Bxe6
fxe6 9. Re1 Na6 10. d3 Nc7 11. b3 Nd7 12. Bb2 Rf6 13. Ne2 Rg6 14. Ng3 Nb5 15.
c4 Nc7 16. Qe2 Bf6 17. Rad1 Qe7 18. a3 Rf8 19. b4 b6 20. d4 exd4 21. Nxd4 Bxd4
22. Rxd4 e5 23. Nf5 Qg5 0-1

[Event "31st 4NCL Congress"]
[Site "Harrogate, North Yorkshire, ENG"]
[Date "2024.01.19"]
[Round "1.12"]
[White "Zigmond, Andrew"]
[Black "Brown, Chris"]
[Result "1-0"]
[WhiteElo "1661"]
[BlackElo "1471"]
[PlyCount "75"]
[EventDate "2024.01.19"]

1. e4 e5 2. Nf3 Nc6 3. Bb5 a6 4. Ba4 Nf6 5. O-O b5 6. Bb3 Bc5 7. c3 d6 8. d4
Bb6 9. Bg5 Bg4 10. d5 Nb8 11. Nbd2 Nbd7 12. a4 h6 13. Bh4 g5 14. Bg3 Nh5 15.
axb5 axb5 16. Qe2 O-O 17. Qxb5 Rxa1 18. Rxa1 f5 19. exf5 Bxf5 20. Nc4 Nxg3 21.
Nxb6 Nxb6 22. fxg3 Kg7 23. Ra7 Bd7 24. Qd3 Qb8 25. Ra1 Qe8 26. Bc2 Bf5 27. Qd2
Bxc2 28. Qxc2 Nxd5 29. Qe4 Nb6 30. Re1 Qa8 31. Qc2 Qd5 32. h4 Qc5+ 33. Kh1 g4
34. Nd2 Rf2 35. Qd1 Qd5 36. Qxg4+ Kh7 37. Ne4 Rxb2 38. Nf6+ 1-0

[Event "31st 4NCL Congress"]
[Site "Harrogate, North Yorkshire, ENG"]
[Date "2024.01.19"]
[Round "1.13"]
[White "Coleman, Patrick N"]
[Black "Baxter, Martin"]
[Result "1/2-1/2"]
[WhiteElo "1459"]
[BlackElo "1660"]
[PlyCount "37"]
[EventDate "2024.01.19"]

1. d4 Nf6 2. c4 g6 3. Nc3 d5 4. cxd5 Nxd5 5. e4 Nxc3 6. bxc3 Bg7 7. Be3 c5 8.
Nf3 Nc6 9. Bb5 cxd4 10. Bxc6+ bxc6 11. cxd4 c5 12. O-O O-O 13. h3 Bb7 14. Qd3
a5 15. Rfd1 Ba6 16. Qd2 cxd4 17. Bxd4 Rc8 18. Bxg7 Qxd2 19. Rxd2 1/2-1/2

[Event "31st 4NCL Congress"]
[Site "Harrogate, North Yorkshire, ENG"]
[Date "2024.01.19"]
[Round "1.14"]
[White "Matthews, Graham W"]
[Black "Scorer, David M"]
[Result "1/2-1/2"]
[WhiteElo "1648"]
[BlackElo "1431"]
[PlyCount "90"]
[EventDate "2024.01.19"]

1. d4 Nf6 2. Nf3 d5 3. Bf4 c6 4. e3 Bg4 5. c3 Nbd7 6. Be2 e6 7. Nbd2 Be7 8. O-O
O-O 9. Re1 Nh5 10. Ne5 Bxe2 11. Qxe2 Nxf4 12. exf4 Nxe5 13. fxe5 c5 14. Nb3 c4
15. Nd2 b5 16. a3 a5 17. f4 b4 18. axb4 axb4 19. Nf3 bxc3 20. bxc3 Qd7 21. Qb2
Rfb8 22. Rxa8 Rxa8 23. Rb1 g6 24. g4 Kg7 25. g5 Qa7 26. Qc2 Rb8 27. Kf2 Rb7 28.
Ke2 Qb8 29. Nd2 Kf8 30. Rxb7 Qxb7 31. Qb1 Qxb1 32. Nxb1 Ke8 33. Kd2 Kd7 34. Kc2
Kc6 35. Kb2 Bf8 36. Na3 Be7 37. Nc2 Bf8 38. Ne3 h5 39. h3 Be7 40. Ka2 Kb5 41.
Nd1 Bd8 42. Ka3 Be7+ 43. Kb2 Ka4 44. Ka2 Kb5 45. Ne3 Bf8 1/2-1/2

[Event "31st 4NCL Congress"]
[Site "Harrogate, North Yorkshire, ENG"]
[Date "2024.01.19"]
[Round "1.15"]
[White "Craig, Ian"]
[Black "Clare, Steve"]
[Result "1/2-1/2"]
[WhiteElo "1424"]
[BlackElo "1647"]
[PlyCount "59"]
[EventDate "2024.01.19"]

1. e4 d5 2. exd5 Nf6 3. d4 Nxd5 4. Nf3 Bf5 5. Bd3 Bxd3 6. Qxd3 Nc6 7. c3 Qd7 8.
O-O O-O-O 9. Re1 f6 10. Be3 g5 11. a3 h5 12. c4 Nf4 13. Bxf4 gxf4 14. d5 Rg8
15. Qe4 Qg4 16. Qe6+ Qxe6 17. Rxe6 Na5 18. Nbd2 b6 19. b4 Nb7 20. Nd4 Rd6 21.
Rae1 Rxe6 22. Nxe6 Bh6 23. Nf3 Kd7 24. Nfd4 Nd8 25. Nxd8 Rxd8 26. Nc6 Re8 27.
Nxa7 e6 28. dxe6+ Rxe6 29. Rxe6 Kxe6 30. Nb5 1/2-1/2

[Event "31st 4NCL Congress"]
[Site "Harrogate, North Yorkshire, ENG"]
[Date "2024.01.19"]
[Round "1.16"]
[White "Smith, Jacob"]
[Black "Johnson, Stanley"]
[Result "1-0"]
[WhiteElo "1645"]
[BlackElo "1408"]
[PlyCount "93"]
[EventDate "2024.01.19"]

1. e4 d5 2. exd5 Nf6 3. Bb5+ Bd7 4. Be2 Nxd5 5. d4 e6 6. Nf3 Be7 7. O-O Nc6 8.
a3 Bf6 9. Nc3 Qe7 10. Nxd5 exd5 11. Re1 Be6 12. Bf4 O-O-O 13. Bb5 g5 14. Bg3 g4
15. Ne5 Nxe5 16. Bxe5 Bxe5 17. Rxe5 h5 18. Qd2 f6 19. Re2 Qd6 20. Rae1 Bd7 21.
Bxd7+ Qxd7 22. Qf4 f5 23. Re7 Rhe8 24. Rxe8 Rxe8 25. Rxe8+ Qxe8 26. Qxf5+ Kb8
27. Qe5 Qxe5 28. dxe5 Kc8 29. f4 gxf3 30. gxf3 Kd7 31. Kf2 Ke6 32. f4 c5 33.
Ke3 b5 34. b4 c4 35. Kd4 a6 36. c3 h4 37. h3 Kf5 38. Kxd5 Kxf4 39. e6 Kg3 40.
e7 Kxh3 41. e8=Q Kh2 42. Qe1 h3 43. Qf1 Kg3 44. Qh1 h2 45. Ke4 Kh3 46. Kf4 a5
47. bxa5 1-0

[Event "31st 4NCL Congress"]
[Site "Harrogate, North Yorkshire, ENG"]
[Date "2024.01.19"]
[Round "1.17"]
[White "Wright, George A"]
[Black "Buckell, David J"]
[Result "1/2-1/2"]
[WhiteElo "1405"]
[BlackElo "1634"]
[PlyCount "102"]
[EventDate "2024.01.19"]

1. d4 d5 2. c4 e6 3. Nc3 Nf6 4. Bf4 Bd6 5. Bxd6 Qxd6 6. e3 O-O 7. Nf3 Nbd7 8.
cxd5 exd5 9. Bd3 c6 10. O-O Re8 11. Qc2 Nf8 12. h3 Bd7 13. Rfe1 Re7 14. e4 dxe4
15. Nxe4 Nxe4 16. Rxe4 Rae8 17. Rxe7 Rxe7 18. Re1 Rxe1+ 19. Nxe1 Qxd4 20. Nf3
Qf4 21. Qd2 Qxd2 22. Nxd2 Be6 23. Bc4 b5 24. Bxe6 Nxe6 25. Kf1 Kf8 26. g3 Ke7
27. Ke2 a5 28. a3 a4 29. Kd3 f5 30. f4 Kd6 31. Kc3 Kd5 32. Kd3 Nc5+ 33. Ke3 Ne4
34. Nxe4 fxe4 35. g4 c5 36. h4 b4 37. h5 bxa3 38. bxa3 Kc4 39. h6 g6 40. Kxe4
Kb3 41. f5 gxf5+ 42. gxf5 c4 43. f6 c3 44. f7 c2 45. f8=Q c1=Q 46. Qb4+ Ka2 47.
Qxa4 Qe1+ 48. Kd3 Qg3+ 49. Kd2 Qf2+ 50. Kd3 Qf3+ 51. Kd2 Qf2+ 1/2-1/2

[Event "31st 4NCL Congress"]
[Site "Harrogate, North Yorkshire, ENG"]
[Date "2024.01.19"]
[Round "1.18"]
[White "Singhal, Saket"]
[Black "Morgan, Peter"]
[Result "1-0"]
[WhiteElo "1627"]
[BlackElo "1398"]
[PlyCount "75"]
[EventDate "2024.01.19"]

1. e4 d6 2. Nf3 g6 3. d4 Bg7 4. Bd3 Nf6 5. h3 c5 6. c3 cxd4 7. cxd4 O-O 8. Be3
Nc6 9. a3 a6 10. Nbd2 b5 11. Rc1 Bb7 12. d5 Ne5 13. Nxe5 dxe5 14. Nf3 Nd7 15.
Qd2 Rc8 16. O-O e6 17. dxe6 fxe6 18. Ng5 Qe8 19. Rxc8 Bxc8 20. Rc1 h6 21. Nf3
Kh7 22. Rc6 Nb8 23. Rc7 Bd7 24. Bc5 Rf7 25. Bd6 Nc6 26. Qc3 Qh8 27. Qc5 Nd4 28.
Nxd4 exd4 29. Qa7 Qe8 30. e5 h5 31. Qxd4 Bc6 32. Qh4 Kh6 33. g4 Rxc7 34. g5+
Kh7 35. Qxh5+ Kg8 36. Bxg6 Qxg6 37. Qxg6 Bd5 38. Bxc7 1-0

[Event "31st 4NCL Congress"]
[Site "Harrogate, North Yorkshire, ENG"]
[Date "2024.01.19"]
[Round "1.19"]
[White "Shortt, John"]
[Black "Neil, Graham"]
[Result "0-1"]
[WhiteElo "1398"]
[BlackElo "1619"]
[PlyCount "106"]
[EventDate "2024.01.19"]

1. b4 Nf6 2. Bb2 e6 3. b5 d5 4. e3 Bd6 5. Nf3 O-O 6. c4 c6 7. a4 Nbd7 8. Be2
Qc7 9. Ba3 Re8 10. Bxd6 Qxd6 11. O-O Ne5 12. Nxe5 Qxe5 13. d4 Qc7 14. Nd2 dxc4
15. bxc6 Qxc6 16. Bxc4 Rd8 17. Bb5 Qd6 18. Nc4 Qe7 19. Ne5 Nd7 20. Bxd7 Bxd7
21. Qf3 f6 22. Nd3 Bc6 23. Qg3 Rd5 24. f4 Ra5 25. Nb2 Qd7 26. Rfb1 Rc8 27. Qe1
Qd5 28. Qd2 Qe4 29. Nc4 Rd5 30. Na5 Rxa5 31. Rf1 Rxa4 32. Rxa4 Bxa4 33. Rf2 Bb5
34. Qb2 Ba6 35. h3 Qxe3 36. Kh2 Rc3 37. Rf3 Qxd4 38. Qxc3 Qd7 39. Rf2 Bb5 40.
Rd2 Qc6 41. Qd4 Kf7 42. Qa1 a6 43. Qb2 Qc4 44. Rd4 Qc5 45. Qd2 Bc6 46. h4 e5
47. fxe5 Qxe5+ 48. g3 Qf5 49. Rf4 Qb1 50. Kh3 h5 51. Rf2 Qh1+ 52. Rh2 Qf3 53.
Qe2 Bd7+ 0-1

[Event "31st 4NCL Congress"]
[Site "Harrogate, North Yorkshire, ENG"]
[Date "2024.01.19"]
[Round "1.20"]
[White "Mitchell, Ian"]
[Black "Robinson, Steve"]
[Result "1-0"]
[WhiteElo "1614"]
[BlackElo "1394"]
[PlyCount "51"]
[EventDate "2024.01.19"]

1. d4 Nf6 2. Bf4 d6 3. e3 Nbd7 4. Nf3 c6 5. c3 h6 6. h3 g5 7. Bg3 Ne4 8. Bh2
Bg7 9. Bd3 Ndf6 10. Qc2 Bf5 11. Nbd2 Nxd2 12. Bxf5 Nxf3+ 13. gxf3 Qb6 14. f4 e6
15. fxg5 hxg5 16. Bxe6 Ke7 17. Bf5 c5 18. O-O-O Qc6 19. dxc5 Ne8 20. cxd6+ Kf8
21. d7 Bf6 22. dxe8=Q+ Qxe8 23. Qe4 Qxe4 24. Bxe4 Rxh3 25. Bd6+ Kg7 26. Rxh3
1-0

[Event "31st 4NCL Congress"]
[Site "Harrogate, North Yorkshire, ENG"]
[Date "2024.01.19"]
[Round "1.21"]
[White "Pringle, Andrew"]
[Black "Sloan, Cecil"]
[Result "1/2-1/2"]
[WhiteElo "1387"]
[BlackElo "1612"]
[PlyCount "63"]
[EventDate "2024.01.19"]

1. d4 Nf6 2. c4 e6 3. Nc3 Bb4 4. e3 b6 5. Bd2 Bb7 6. a3 Bxc3 7. Bxc3 O-O 8. Nf3
d6 9. Be2 Nbd7 10. O-O Ne4 11. Rb1 Nxc3 12. bxc3 c5 13. Qd3 Nf6 14. Nd2 Qe7 15.
Bf3 Bxf3 16. Nxf3 Rad8 17. d5 e5 18. e4 Qd7 19. Nd2 Nh5 20. Qf3 Nf4 21. Rfe1
Qe7 22. Nf1 f5 23. exf5 Rxf5 24. Kh1 Rdf8 25. Qe3 Ng6 26. Rb2 Qh4 27. Ng3 R5f7
28. Ne4 Qe7 29. Ng5 Rf6 30. Ne6 R8f7 31. Ng5 Rf8 32. Ne6 1/2-1/2